| 000 | 00877nam a2200217Ia 4500 | ||
|---|---|---|---|
| 001 | 16941 | ||
| 003 | GE_BSU | ||
| 008 | 181216s||||||||xx |||||||||||||| ||und|| | ||
| 040 | _cGE_BSU | ||
| 080 | _a821.353.1 | ||
| 100 | _aგრიშაშვილი, იოსებ (1889-1965) | ||
| 245 | _aთხზულებათა კრებული : 5 ტომად. ტ. 4 : ლიტერატურული ნარკვევები. | ||
| 245 | _cრედ.ვ.ჯავახაძე | ||
| 260 | _aთბილისი | ||
| 260 | _bსაბჭ. საქართველო | ||
| 260 | _c1964 | ||
| 300 | _a410 გვ.23 სმ. | ||
| 653 | _aლიტერატურული ნარკვევები | ||
| 653 | _aქართული ლიტერატურის ისტორია და კრიტიკა | ||
| 942 | _cBK | ||
| 999 |
_c50004 _d50004 |
||